Movies Quiz

Random Movies Quiz

Bruno Quiz Stats

 Plays Quiz not verified by Sporcle

Score 0/11 Timer 05:00
0 Plays Today
Question Answer % Correct
What was Bruno's African son called?OJ
90.4%
What fashion company did Bruno work for at the start of the movie?Funkyzeit
64.4%
What is Bruno called at the anti-gay thing?Straight Dave
60.3%
What was Bruno's assistant called? (the one that came with him to Los Angeles)Lutz
54.8%
What type of party does Bruno go to near the end of the movie?Swingers Party
53.4%
What was the name the TV show that Bruno got a cast in?Medium
45.2%
What was the ending song called? (feat. snoop dogg,elton john,bono,slash,chris martin,sting)Dove Of Peace
45.2%
What film was Bruno on the verge of buying when he was chained to his assistant?Mr Magorium's Wonder Emporium
42.5%
What was Bruno's Boyfriend at the start of the movie called?Diesel
37%
What was Bruno's failed TV show called?A-List Celebrity Max Out
30.1%
Who does Bruno try to get to make peace?Jews and Arabs
23.3%

You're not logged in!

Compare scores with friends on all Sporcle quizzes.
OR
Log In

Show Comments

Extras

Created Oct 15, 2010ReportNominate
Tags:bruno, happen

Top Quizzes Today


Score Distribution

Your Account Isn't Verified!

In order to create a playlist on Sporcle, you need to verify the email address you used during registration. Go to your Sporcle Settings to finish the process.

Report this User

Report this user for behavior that violates our Community Guidelines.

Details: